मीना बाज़ार / (Record no. 71326)

MARC details
000 -LEADER
fixed length control field 01291nam a22002777a 4500
005 - DATE AND TIME OF LATEST TRANSACTION
control field 20130924145044.0
008 - FIXED-LENGTH DATA ELEMENTS--GENERAL INFORMATION
fixed length control field 090408t xxu||||| |||| 00| 0 hin d
010 ## - LCCN (DPL NO)
LC control number HIN-97369 B-502995-999
020 ## - INTERNATIONAL STANDARD BOOK NUMBER
International Standard Book Number 9789350722787
Terms of availability 200.00
035 ## - SYSTEM CONTROL NUMBER
System control number HN-69715 B-502995-999
037 ## - SOURCE OF ACQUISITION
Source of stock number/acquisition DBAD / PUB
037 ## - SOURCE OF ACQUISITION
Source of stock number/acquisition प्रकाशन संस्थान
040 ## - CATALOGING SOURCE
Original cataloging agency DPL
Language of cataloging HN
082 ## - DEWEY DECIMAL CLASSIFICATION NUMBER
Classification number
100 ## - MAIN ENTRY--PERSONAL NAME
9 (RLIN) 27482
Personal name मण्टो, सआदत हसन
245 ## - TITLE STATEMENT
Title मीना बाज़ार /
Statement of responsibility, etc सआदत हसन मण्टो
246 ## - VARYING FORM OF TITLE
Title proper/short title Meena Bazar
Remainder of title by Saadat Hasan Manto
260 ## - PUBLICATION, DISTRIBUTION, ETC. (IMPRINT)
Place of publication, distribution, etc नई दिल्ली
Name of publisher, distributor, etc वाणी प्रकाशन
Date of publication, distribution, etc 2012
270 ## - ADDRESS
Address 4695, 21-ए, दरियागंज
City नई दिल्ली
Postal code 110002
Telephone number 9111 2327317
Electronic mail address vaniprakashan.in
Fax number 91 11 23275710
300 ## - PHYSICAL DESCRIPTION
Extent 138पृ.
Dimensions 22 सेमी (सजिल्द)
490 ## - SERIES STATEMENT
Series statement मण्टो अब तक-15
650 ## - SUBJECT ADDED ENTRY--TOPICAL TERM
9 (RLIN) 1169
Topical term or geographic name as entry element Hindi Short Stories
650 ## - SUBJECT ADDED ENTRY--TOPICAL TERM
Topical term or geographic name as entry element हिन्दी लघु कथाएँ
9 (RLIN) 53560
942 ## - ADDED ENTRY ELEMENTS (KOHA)
Institution code [OBSOLETE] dpl
Item type Hindi Books
Source of classification or shelving scheme Dewey Decimal Classification
Call number suffix मण्टोस
Classification part
Holdings
Withdrawn status Lost status Source of classification or shelving scheme Damaged status Not for loan Collection code Home library Current library Date acquired Source of acquisition Cost, normal purchase price Total Checkouts Full call number Barcode Date last seen Copy number Cost, replacement price Koha item type Total Renewals
    Dewey Decimal Classification     Fiction Central Library Central Library 24/09/2013 प्रकाशन संस्थान/537/18.03.13/185/12.03.13/20.03.13 200.00 9 क मण्टोस B-502995 01/12/2019 1 200.00 Hindi Books 5
    Dewey Decimal Classification   Not For Loan Fiction D.B.Act.Division D.B.Act.Division 07/11/2012 DBAD / PUB 200.00   क मण्टोस HN-69715 07/11/2012 1 200.00 Hindi Books  
    Dewey Decimal Classification     Fiction Karol Bagh Karol Bagh 24/09/2013 प्रकाशन संस्थान/537/18.03.13/185/12.03.13/20.03.13 200.00   क मण्टोस B-502998 24/09/2013 1 200.00 Hindi Books  
    Dewey Decimal Classification     Fiction Patel Nagar Patel Nagar 24/09/2013 प्रकाशन संस्थान/537/18.03.13/185/12.03.13/20.03.13 200.00 3 क मण्टोस B-502996 19/07/2022 1 200.00 Hindi Books  
    Dewey Decimal Classification     Fiction Sarojini Nagar Sarojini Nagar 24/09/2013 प्रकाशन संस्थान/537/18.03.13/185/12.03.13/20.03.13 200.00 2 क मण्टोस B-502997 01/06/2021 1 200.00 Hindi Books 3
  Written-off vide DLB M. No. 383 dt 16.05.19 Dewey Decimal Classification     Fiction Shahdara Branch Shahdara Branch 24/09/2013 प्रकाशन संस्थान/537/18.03.13/185/12.03.13/20.03.13 200.00   क मण्टोस B-502999 24/09/2013 1 200.00 Hindi Books  

© Delhi Public Library
Hit Counter
free hit counter